Faktory a determinanty štrukturálnych vzťahov v distribučných procesoch v podmienkach internacionalizácie a globalizácie obchodovania a ich vplyv na realizáciu distribučnej stratégie firmy dizertačná práca

Salvato in:
Dettagli Bibliografici
Autore principale: Vlčková, Katarína
Ente Autore: Obchodná fakulta EU. Katedra marketingu
Altri autori: Daňo, Ferdinand, 1959-
Natura: Libro
Lingua:slovacco
Pubblicazione: Bratislava 2011
Soggetti:
Tags: Aggiungi Tag
Nessun Tag, puoi essere il primo ad aggiungerne!!

MARC

LEADER 00000nam a2200000 4500
001 0136535
005 20240502072529.4
041 0 |a slo 
044 |a SK 
245 1 0 |a Faktory a determinanty štrukturálnych vzťahov v distribučných procesoch v podmienkach internacionalizácie a globalizácie obchodovania a ich vplyv na realizáciu distribučnej stratégie firmy  |b dizertačná práca  |c Katarína Vlčková ; školiteľ: Ferdinand Daňo 
264 1 |a Bratislava  |c 2011 
300 |a 172 s. 
610 2 0 |a distribúcia 
610 2 0 |a manažment logistický 
610 2 0 |a kanály distribučné 
610 2 0 |a metódy distribučné 
100 1 |a Vlčková, Katarína 
700 1 |a Daňo, Ferdinand, 1959- 
710 2 |a Obchodná fakulta EU. Katedra marketingu